000 00458nam a22001697a 4500
005 20251108170508.0
008 250721s1993 xx 000 0 ara d
082 1 4 _a635.9/دجو
100 1 _aالدجوي، علي
245 1 0 _aأيصال الزينة /
264 1 _aالقاهرة :
_bدار النصر،
_c1993.
300 _a368ص
650 1 7 _aنباتات الزينة
650 1 7 _aبصلات الزينة
942 _2ddc
_cBK
999 _c41897
_d41897